Beşiktaş 2010's Starting XI - Statistics

General Stats
  • This quiz has been taken 327 times
  • The average score is 65 of 110
Answer Stats
Season Hint Answer % Correct
2018-19 RW 🇵🇹 Ricardo Quaresma
94%
2017-18 RW 🇵🇹 Ricardo Quaresma
94%
2016-17 RW 🇵🇹 Ricardo Quaresma
94%
2015-16 RW 🇵🇹 Ricardo Quaresma
94%
2011-12 RW 🇵🇹 Ricardo Quaresma
94%
2010-11 RW 🇵🇹 Ricardo Quaresma
94%
2017-18 AM 🇧🇷 Anderson Talisca
86%
2016-17 AM 🇧🇷 Anderson Talisca
86%
2018-19 DM 🇨🇦 Atiba Hutchinson
86%
2017-18 DM 🇨🇦 Atiba Hutchinson
86%
2016-17 DM 🇨🇦 Atiba Hutchinson
86%
2015-16 DM 🇨🇦 Atiba Hutchinson
86%
2014-15 DM 🇨🇦 Atiba Hutchinson
86%
2013-14 DM 🇨🇦 Atiba Hutchinson
86%
2018-19 RB 🇹🇷 Gökhan Gönül
86%
2017-18 RB 🇹🇷 Gökhan Gönül
86%
2016-17 RB 🇹🇷 Gökhan Gönül
86%
2018-19 GK 🇩🇪 Loris Karius
86%
2018-19 LB 🇹🇷 Caner Erkin
85%
2018-19 CB 🇭🇷 Domagoj Vida
85%
2017-18 LB 🇧🇷 Adriano
84%
2016-17 LB 🇧🇷 Adriano
84%
2017-18 GK 🇪🇸 Fabri
84%
2016-17 GK 🇪🇸 Fabri
84%
2016-17 CM 🇹🇷 Oğuzhan Özyakup
84%
2015-16 CM 🇹🇷 Oğuzhan Özyakup
84%
2013-14 CM 🇹🇷 Oğuzhan Özyakup
84%
2014-15 ST 🇸🇳 Demba Ba
83%
2015-16 GK 🇹🇷 Tolga Zengin
81%
2014-15 GK 🇹🇷 Tolga Zengin
81%
2013-14 GK 🇹🇷 Tolga Zengin
81%
2016-17 ST 🇹🇷 Cenk Tosun
80%
2017-18 CB 🇵🇹 Pepe
80%
2015-16 ST 🇩🇪 Mario Gomez
79%
2017-18 ST 🇪🇸 Alvaro Negredo
76%
2017-18 LW 🇳🇱 Ryan Babel
76%
2016-17 ST 🇨🇲 Vincent Aboubakar
76%
2015-16 RB 🇩🇪 Andreas Beck
72%
2016-17 CB 🇧🇷 Marcelo
72%
2018-19 CB 🇨🇱 Gary Medel
71%
2017-18 DM 🇨🇱 Gary Medel
71%
2017-18 CB 🇷🇸 Dusko Tosic
66%
2016-17 CB 🇷🇸 Dusko Tosic
66%
2015-16 CB 🇷🇸 Dusko Tosic
66%
2015-16 AM 🇦🇷 Jose Sosa
65%
2014-15 AM 🇦🇷 Jose Sosa
65%
2015-16 LW 🇹🇷 Olcay Şahan
65%
2013-14 LW 🇹🇷 Olcay Şahan
65%
2012-13 LW 🇹🇷 Olcay Şahan
65%
2018-19 ST 🇹🇷 Burak Yılmaz
62%
2018-19 LW 🇳🇱 Jeremain Lens
61%
2018-19 AM 🇷🇸 Adem Ljajic
58%
2013-14 ST 🇵🇹 Hugo Almeida
57%
2012-13 ST 🇵🇹 Hugo Almeida
57%
2011-12 ST 🇵🇹 Hugo Almeida
57%
2012-13 AM 🇵🇹 Manuel Fernandes
55%
2011-12 AM 🇵🇹 Manuel Fernandes
55%
2012-13 DM 🇹🇷 Necip Uysal
55%
2010-11 CB 🇹🇷 Necip Uysal
55%
2009-10 GK 🇹🇷 Rüştü Reçber
55%
2011-12 LW 🇵🇹 Simao
52%
2010-11 LW 🇵🇹 Simao
52%
2012-13 GK 🏴󠁧󠁢󠁳󠁣󠁴󠁿 Allan McGregor
50%
2011-12 GK 🇹🇷 Cenk Gönen
50%
2010-11 GK 🇹🇷 Cenk Gönen
50%
2014-15 RW 🇹🇷 Gökhan Töre
50%
2013-14 RW 🇹🇷 Gökhan Töre
50%
2012-13 CB 🇨🇿 Tomas Sivok
49%
2011-12 CB 🇨🇿 Tomas Sivok
49%
2009-10 CB 🇨🇿 Tomas Sivok
49%
2009-10 ST 🇧🇷 Bobo
48%
2014-15 CM 🇦🇹 Veli Kavlak
48%
2013-14 CM 🇦🇹 Veli Kavlak
48%
2012-13 CM 🇹🇷 Veli Kavlak
48%
2011-12 CM 🇦🇹 Veli Kavlak
48%
2012-13 RW 🇸🇰 Filip Holosko
47%
2009-10 RW 🇸🇰 Filip Holosko
47%
2011-12 DM 🇩🇪 Fabian Ernst
45%
2010-11 DM 🇩🇪 Fabian Ernst
45%
2009-10 DM 🇩🇪 Fabian Ernst
45%
2015-16 LB 🇹🇷 İsmail Köybaşı
41%
2011-12 LB 🇹🇷 İsmail Köybaşı
41%
2010-11 LB 🇹🇷 İsmail Köybaşı
41%
2015-16 CB 🇧🇷 Rhodolfo
41%
2010-11 CM 🇪🇸 Guti
40%
2012-13 CB 🇹🇷 İbrahim Toraman
39%
2010-11 CB 🇹🇷 İbrahim Toraman
39%
2012-13 RB 🇩🇪 Roberto Hilbert
38%
2010-11 RB 🇩🇪 Roberto Hilbert
38%
2009-10 LB 🇹🇷 İbrahim Üzülmez
37%
2010-11 DM 🇹🇷 🇧🇷 Mehmet Aurelio
35%
2011-12 RB 🇦🇹 Ekrem Dağ
34%
2009-10 RB 🇦🇹 Ekrem Dağ
34%
2014-15 CB 🇨🇴 Pedro Franco
33%
2013-14 CB 🇨🇴 Pedro Franco
33%
2009-10 LW 🇨🇱 Rodrigo Tello
33%
2014-15 CB 🇹🇷 Ersan Gülüm
32%
2013-14 CB 🇹🇷 Ersan Gülüm
32%
2009-10 CB 🇮🇹 Matteo Ferrari
32%
2014-15 RB 🇹🇷 Serdar Kurtulus
30%
2013-14 RB 🇹🇷 Serdar Kurtuluş
30%
2014-15 LB 🇧🇷 Ramon Motta
27%
2013-14 LB 🇧🇷 Ramon Motta
27%
2010-11 ST 🇹🇷 Mert Nobre
25%
2014-15 LW 🇹🇷 Kerim Frei
24%
2009-10 DM 🇩🇪 Michael Fink
23%
2018-19 CM 🇹🇷 Dorukhan Toköz
20%
2011-12 CB 🇹🇷 Egemen Korkmaz
20%
2009-10 ST 🇹🇷 Nihat Kahveci
19%
2012-13 LB 🇹🇷 Uğur Boral
5%
No matching quizzes found
Score Distribution
Percent of People with Each Score
Percentile by Number Answered
Your Score History
You have not taken this quiz